Verejné obstarávanie

Pravidlá verejného obstarávania. Zákon 13/2015 Z.z. a jeho cieľ znemožniť schránkovým firmám uchádzať sa o získavanie zákaziek z verejných zdrojov ustanovením prísnejších podmienok účasti na VO. V čase od povolenia reštrukturalizácie do jej skončenia sa nebude môcť subjekt zúčastniť VO.

Gespeichert in:
Bibliographische Detailangaben
1. Verfasser: Janura, Daniel
Format: Buchkapitel
Sprache:Slowakisch
Schlagworte:
Tags: Tag hinzufügen
Keine Tags, Fügen Sie das erste Tag hinzu!

MARC

LEADER 00000naa a2200000 4500
001 0200736
005 20231120104419.1
041 0 |a slo 
044 |a SK 
245 1 0 |a Verejné obstarávanie  |c Daniel Janura 
520 |a Pravidlá verejného obstarávania. Zákon 13/2015 Z.z. a jeho cieľ znemožniť schránkovým firmám uchádzať sa o získavanie zákaziek z verejných zdrojov ustanovením prísnejších podmienok účasti na VO. V čase od povolenia reštrukturalizácie do jej skončenia sa nebude môcť subjekt zúčastniť VO. 
610 2 0 |a obstarávanie verejné 
610 2 0 |a úpravy právne 
610 2 0 |a Slovensko 
100 1 |a Janura, Daniel